IFM Opac

World Commodity Outlook 1977/78 (Record no. 17683)

MARC details
000 -LEADER
fixed length control field 00318nam a22001217a 4500
082 ## - DEWEY DECIMAL CLASSIFICATION NUMBER
Classification number 338 W0R
100 ## - MAIN ENTRY--PERSONAL NAME
Personal name World Commodity Outlook 1977/78
245 ## - TITLE STATEMENT
Title World Commodity Outlook 1977/78
260 ## - PUBLICATION, DISTRIBUTION, ETC.
Place of publication, distribution, etc. London
Name of publisher, distributor, etc. Spencer House
Date of publication, distribution, etc. 1977
300 ## - PHYSICAL DESCRIPTION
Extent 99pg
Other physical details Ill,;29cm
650 ## - SUBJECT ADDED ENTRY--TOPICAL TERM
Topical term or geographic name entry element World Commodity Outlook 1977/78
942 ## - ADDED ENTRY ELEMENTS (KOHA)
Koha item type Books
Holdings
Withdrawn status Lost status Damaged status Not for loan Home library Current library Date acquired Total Checkouts Full call number Barcode Date last seen Price effective from Koha item type
        IFM Main Campus Library IFM Main Campus Library 08/04/2017   338 W0R 0000005703 08/04/2017 08/04/2017 Books